Les 50 meilleurs buteurs de ligue 1 au 21e siècle - Statistiques

Statistiques générales
  • Ce quiz a été pris 890 fois
  • Le résultat moyen est 20 sur 50
Statistiques - réponses
Nom du joueur Nationalité Nombre de buts % Correct
Kylian Mbappé France 159
100%
Edinson Cavani Uruguay 138
98%
Zlatan Ibrahimović Suède 113
96%
Alexandre Lacazette France 124
87%
Pauleta Portugal 141
84%
Neymar Brésil 82
82%
Dimitri Payet France 102
71%
Wissam Ben Yedder France 143
70%
André-Pierre Gignac France 103
65%
Radamel Falcao Colombie 65
63%
Mamadou Niang Sénégal 100
61%
Angel Di Maria Argentine 57
59%
Floriant Thauvin France 86
59%
Bafétimbi Gomis France 122
52%
Djibrl Cissé France 96
49%
Wahbi Khazri Tunisie 73
49%
Memphis Depay Pays-Bas 63
47%
Andy Delort Algérie 85
45%
Kévin Gameiro France 96
45%
Lisandro Lopez Argentine 59
45%
Mevlüt Erding Tuquie 92
44%
Juninho Brésil 75
43%
Nabil Fékir France 54
41%
Gaëtan Laborde France 69
40%
Jimmy Briand France 102
39%
Valère Germain France 61
39%
Moussa Dembélé France 56
37%
Nenê Brésil 55
30%
Nolan Roux France 73
28%
Marama Vahirua Tahiti 70
27%
Loïc Remy France 71
26%
Merouane Chamakh Maroc 56
24%
Cheikh Diabaté Mali 58
20%
Romain Hamouma France 63
20%
Karl Toko Ekambi Cameroun 57
19%
Rémy Cabella France 57
19%
Pierre-Alain Frau France 83
17%
Souleymane Camara Sénégal 62
17%
Mickaël Pagis France 67
16%
Shabani Nonda Congo 57
16%
Péguy Luyindula France 79
14%
Youssouf Hadji Maroc 61
14%
Jean-Claude Darcheville Guyane FR 60
12%
Frédéric Piquionne Martinique FR 54
11%
John Utaka Nigeria 59
9%
Ilan Brésil 59
8%
Toifilou Maoulida France 63
8%
Grégory Pujol France 75
7%
Daniel Moreira France 57
5%
Olivier Monterrubio France 59
4%
Aucun quiz correspondant
Distribution des résultats
% des personnes avec chaque résultat
Percentile par nombre de réponses
Votre historique - résultats
Vous n’avez pas pris ce quiz